| 000 | 00712nam a2200241 a 4500 | ||
|---|---|---|---|
| 001 | 000037694 | ||
| 003 | DO-SdBNP | ||
| 005 | 20180122102411.0 | ||
| 007 | 000037694 | ||
| 008 | 121115s2010 dr 000 0 spa d | ||
| 020 | _a9789945429282 | ||
| 040 |
_aBPMSU _bspa _cBPMSU |
||
| 100 | 1 | _aPrats, Joan | |
| 245 | 1 | 3 |
_aEl dedo mayor de la realidad me saluda / _cJoan Prats. |
| 260 |
_aSanto Domingo : _bGrupo Santillana, _c2010. |
||
| 300 |
_a237 p. ; _c20 cm. |
||
| 490 |
_aPunto de lectura _anarrativa |
||
| 500 | _aIncluye datos biográficos del autor | ||
| 830 |
_aPunto de lectura _pnarrativa |
||
| 942 |
_2ddc _cBK |
||
| 945 | _ainventariado, 2018 / dg | ||
| 956 |
_aVMATEO _b10 _c20170207 _lBPMSU _h0069 |
||
| 999 |
_c12545 _d12545 |
||